| 000 | 01110nam a22002537a 4500 | ||
|---|---|---|---|
| 005 | 20150203164729.0 | ||
| 008 | 131114b2010 ck ||||| |||| 00| 0 spa d | ||
| 040 |
_aCO-BoIAVH _cCO-BoIAVH |
||
| 041 | _aspa | ||
| 044 | _ack | ||
| 090 |
_a IAVH _b01501 |
||
| 100 |
_aFlores-Gabrielina _92394 |
||
| 245 |
_aInforme de actividades de evaluacion diseño e implementacion de herramientas de manejo del paisaje en el macizo de Rabanal _bInforme final |
||
| 260 |
_aSogamoso _bInstituto de Investigación de Recursos Biológicos Alexander von Humboldt _c2010 |
||
| 300 |
_a66 p. _bil _c27 cm |
||
| 500 | _aInforme tecnico convenio nº 09-06/263-09/184-0322 ce | ||
| 520 | _aDiseño e implementación de herramientas de manejo del paisaje, en las veredas de San Jose de Gacal municipio de Ventequemada, Pataguy en el municipio de Samaca y San Antonio municipio de Guachetá. | ||
| 650 |
_aReforestacion _932506 |
||
| 650 |
_aViveros _932507 |
||
| 650 |
_aCorredores biologicos _zMacizo el Rabanal _932508 |
||
| 700 |
_aNuñez- Maria Mercedes _92399 |
||
| 700 |
_aRamirez - Mauricio _92578 |
||
| 942 |
_2z _cINFORME |
||
| 999 |
_c7808 _d7808 |
||